Motion and time study (Record no. 548434)
[ view plain ]
| 000 -LEADER | |
|---|---|
| fixed length control field | 00547nam a2200181 4500 |
| 082 00 - DEWEY DECIMAL CLASSIFICATION NUMBER | |
| Classification number | 658.5421 |
| Author Mark | NIE |
| -- | L-6, P-96 |
| 100 1# - MAIN ENTRY--PERSONAL NAME | |
| Personal name | Niebel, Benjamin W. |
| 9 (RLIN) | 2476 |
| 245 10 - TITLE STATEMENT | |
| Title | Motion and time study |
| Statement of responsibility, etc. | [by] Benjamin W. Niebel. |
| 250 ## - EDITION STATEMENT | |
| Edition statement | 5th ed. |
| 260 ## - PUBLICATION, DISTRIBUTION, ETC. | |
| Place of publication, distribution, etc. | Homewood, Ill., |
| Name of publisher, distributor, etc. | R. D. Irwin, |
| Date of publication, distribution, etc. | 1972. |
| 300 ## - PHYSICAL DESCRIPTION | |
| Extent | xii, 709 p. |
| Other physical details | illus. |
| Dimensions | 24 cm. |
| 490 0# - SERIES STATEMENT | |
| Series statement | The Irwin series in management |
| 526 ## - STUDY PROGRAM INFORMATION NOTE | |
| Program name | 0 |
| Interest level | 0 |
| Reading level | 0 |
| Title point value | 658_542100000000000_NIE |
| 650 #0 - SUBJECT ADDED ENTRY--TOPICAL TERM | |
| Topical term or geographic name entry element | Motion study. |
| 9 (RLIN) | 35800 |
| 650 #0 - SUBJECT ADDED ENTRY--TOPICAL TERM | |
| Topical term or geographic name entry element | Time study. |
| 9 (RLIN) | 35801 |
| 650 #0 - SUBJECT ADDED ENTRY--TOPICAL TERM | |
| Topical term or geographic name entry element | Wages. |
| 9 (RLIN) | 44725 |
| 942 ## - ADDED ENTRY ELEMENTS (KOHA) | |
| Source of classification or shelving scheme | |
| Koha item type | Book |
| Withdrawn status | Lost status | Source of classification or shelving scheme | Damaged status | Not for loan | Permanent Location | Current Location | Date acquired | Total Checkouts | Full call number | Barcode | Date last seen | Price effective from | Koha item type |
|---|---|---|---|---|---|---|---|---|---|---|---|---|---|
| Military College of Engineering (MCE) | Military College of Engineering (MCE) | 08/28/2014 | 658.5421 NIE | MCE-15842 | 08/28/2014 | 08/28/2014 | Book |
